000 01149nam a22002897a 4500
005 20130513154217.0
008 120418t xxu||||| |||| 00| 0 eng d
010 _aENG-105017
020 _a9788178002194
_c350.00
035 _aEN-88550
035 _aB-491942-945
037 _bDBAD/PUB
037 _bResearcho Books & Periodicals Pvt. Ltd./Ven
040 _aDPL
_bEng
082 _a620.1
245 _aSinger's engineering mechanics statics and dynamics :
_cadapted by K. Vijaya Kumar Reddy [and] J. Suresh Kumar
_bSI units /
250 _a3rd ed
260 _aHyderabad
_bBS Publications
_c2011(repr.)
270 _a4-4-309, Giriraj Lane, Sultan Bazar
_bHyderabad
_e500095
300 _axxi,824p. :
_c24cm(pbk)
_bill.
500 _aIncludes index
650 _aMechanics, Applied
_945279
700 _aReddy, K. Vijaya Kumar
_945280
700 _aSuresh Kumar, J.
_945283
942 _2ddc
_cEN
_h620.1
_mSIN
999 _c65195
_d65195